Random Knowledge Quiz - Statistics

General Stats
  • This quiz has been taken 30 times
    15 since last reset
  • The average score is 5 of 16
Answer Stats
Hint Answer % Correct
Capital of Luxembourg Luxembourg
91%
Jupiter = Zeus as Mars = ____ Ares
55%
The square root of -1 i
55%
Hitler's title after Chancellor of Germany Führer
45%
Ancient civilization between the Tigris and Euphrates Rivers Mesopotamia
45%
Capital of North Dakota Bismarck
36%
26th President of the United States Theodore Roosevelt
36%
Australia lost a war to whom in 1932 Emus
27%
E=mc2 E stands for ______ Energy
27%
Jupiter's 4th largest moon Io
18%
Animals known as "spiny anteaters" Echidnas
9%
A political theory based on practicality Realpolitik
9%
The title of the leader of Oman Sultanate
9%
Aaron Burr's Daughter Theodosia Burr
9%
Best sport on the planet? Ultimate Frisbee
9%
Element that has 92 protons Uranium
9%
No matching quizzes found
Score Distribution
Percent of People with Each Score
Percentile by Number Answered
Your Score History
You have not taken this quiz since the last reset